000 00253nam a22001217a 4500
008 180807b xxu||||| |||| 00| 0 eng d
041 _aeng
080 _a615
100 _a5
101 _aFAR
245 _aSimilac Special Care
_cRoss
942 _2udc
_cBK
999 _c46940
_d46940